00454nam a2200121Ia 45000010005000000080041000050820018000461000013000642450188000772600024002659010028002899990015003171871241024s9999 xx 000 0 und d aRD/372/SO717c aSOTEMARI 0aConsultoría: Asistencia técnica en el diseño e implementación de los procesos de gestión escolar (Redes rurales, juntas descentralizadas, canasta básica y proyectos de red bSanto Domingoc2004 a30/9/2011 12:49:11 p.m. c8562d8562